| 000 | 00408nam a2200157Ia 4500 | ||
|---|---|---|---|
| 008 | 230312s9999||||xx |||||||||||||| ||und|| | ||
| 020 | _a9780070634510 | ||
| 082 |
_a536.2 _bHOL-H |
||
| 100 | _aHolman,J.P | ||
| 245 | 0 | _aHeat Transfer (In SI Units) | |
| 260 |
_bTata McGraw Hill _aIndia _c2009 |
||
| 300 | _a676 | ||
| 546 | _aEng. | ||
| 650 |
_aEngineering _vSteady-State condition-one dimension |
||
| 942 | _cBK | ||
| 999 |
_c6196 _d6196 |
||